[Event "Marburg op-A"]
[Site "Marburg"]
[Date "2023.10.26"]
[Round "1"]
[White "Schardt, Madeleine"]
[Black "Bietz, Fabian"]
[Result "1/2-1/2"]
[WhiteElo "1639"]
[BlackElo "1931"]
[PlyCount "39"]
[EventDate "2023.10.26"]
[EventType "swiss"]
[EventRounds "7"]
[EventCountry "GER"]
[SourceTitle "CBM 217 Extra"]
[Source "ChessBase"]
[SourceDate "2024.01.31"]
[SourceVersion "1"]
[SourceVersionDate "2024.01.31"]
[SourceQuality "1"]

1. d4 Nf6 2. Nf3 e6 3. c3 d5 4. Bf4 Bd6 5. Bxd6 cxd6 6. e3 0-0 7. Nbd2 Nc6 8. Be2 Ne4 9. 0-0 f5 10. c4 dxc4 11. Bxc4 d5 12. Bb5 Ne7 13. Ne5 Qa5 14. Nxe4 fxe4 15. Qe2 Rd8 16. Qh5 g6 17. Qg5 Nf5 18. Be2 Rf8 19. h4 Qd8 20. Qxd8 1/2-1/2

[Event "GER-ch Blitz (Women)"]
[Site "Viernheim"]
[Date "2023.07.15"]
[Round "3"]
[White "Heutling, Elina"]
[Black "Schardt, Madeleine"]
[Result "1/2-1/2"]
[WhiteElo "1940"]
[BlackElo "1679"]
[PlyCount "58"]
[EventDate "2023.07.15"]
[EventType "tourn (blitz)"]
[EventRounds "27"]
[EventCountry "GER"]
[SourceTitle "CBM 215 Extra"]
[Source "ChessBase"]
[SourceDate "2023.09.30"]
[SourceVersion "1"]
[SourceVersionDate "2023.09.30"]
[SourceQuality "1"]

1. e4 d5 2. exd5 Qxd5 3. Nc3 Qd6 4. d4 a6 5. Be3 Nf6 6. Qd2 Nc6 7. Nf3 Bg4 8. d5 Ne5 9. Bf4 Bxf3 10. gxf3 Nxf3+ 11. Kd1 Nxd2 12. Bxd6 exd6 13. Kxd2 0-0-0 14. Bh3+ Kb8 15. Rae1 g6 16. Re2 Bh6+ 17. Kd1 Rhe8 18. Rhe1 Rxe2 19. Rxe2 Re8 20. Rxe8+ Nxe8 21. Ne2 f5 22. c4 Nf6 23. f3 Nh5 24. Bf1 Nf4 25. Nd4 Kc8 26. b4 Bg7 27. Ne2 Nxe2 28. Bxe2 Be5 29. h3 Kd7 1/2-1/2

[Event "GER-ch Blitz (Women)"]
[Site "Viernheim"]
[Date "2023.07.15"]
[Round "22"]
[White "Schardt, Madeleine"]
[Black "Novikova, Margarita"]
[Result "0-1"]
[WhiteElo "1679"]
[BlackElo "1995"]
[PlyCount "94"]
[EventDate "2023.07.15"]
[EventType "tourn (blitz)"]
[EventRounds "27"]
[EventCountry "GER"]
[SourceTitle "CBM 215 Extra"]
[Source "ChessBase"]
[SourceDate "2023.09.30"]
[SourceVersion "1"]
[SourceVersionDate "2023.09.30"]
[SourceQuality "1"]

1. d4 e5 2. dxe5 Nc6 3. Nf3 Qe7 4. c3 Nxe5 5. Nxe5 Qxe5 6. Nd2 Nf6 7. Nf3 Qh5 8. Bf4 Qc5 9. e3 d5 10. Bd3 Bd6 11. Bg3 Be6 12. Qe2 c6 13. Nd4 Bxg3 14. hxg3 Bd7 15. Qc2 h6 16. Nf3 Qd6 17. 0-0-0 0-0-0 18. Kb1 Kb8 19. e4 dxe4 20. Bxe4 Qe7 21. Bd3 Bg4 22. Rhe1 Qc7 23. Bf5 Rxd1+ 24. Rxd1 Bxf3 25. gxf3 Re8 26. a3 a5 27. g4 Re7 28. Qb3 b6 29. Rd2 Ka7 30. Qd1 Qf4 31. Rd3 Qh2 32. Qf1 Qf4 33. Rd4 Qe5 34. Rc4 Qd5 35. Rd4 Qe5 36. Qc1 c5 37. f4 Qc7 38. Rd2 g6 39. Bc2 Nxg4 40. Qg1 h5 41. f3 Ne3 42. Bb3 c4 43. Ba4 Qc5 44. Re2 b5 45. Bc2 Kb6 46. Be4 Nf5 47. Rd2 Qxg1+ 0-1

[Event "GER-ch Blitz (Women)"]
[Site "Viernheim"]
[Date "2023.07.15"]
[Round "13"]
[White "Wagner, Dinara"]
[Black "Schardt, Madeleine"]
[Result "1-0"]
[WhiteElo "2447"]
[BlackElo "1679"]
[PlyCount "39"]
[EventDate "2023.07.15"]
[EventType "tourn (blitz)"]
[EventRounds "27"]
[EventCountry "GER"]
[SourceTitle "CBM 215 Extra"]
[Source "ChessBase"]
[SourceDate "2023.09.30"]
[SourceVersion "1"]
[SourceVersionDate "2023.09.30"]
[SourceQuality "1"]

1. d4 d5 2. c4 c6 3. Nf3 Nf6 4. e3 e6 5. Bd3 Nbd7 6. 0-0 Be7 7. Nc3 dxc4 8. Bxc4 b5 9. Bd3 Bb7 10. e4 0-0 11. e5 Nd5 12. Nxd5 exd5 13. Re1 a6 14. Bc2 c5 15. Qd3 g6 16. Bh6 Re8 17. e6 fxe6 18. Rxe6 Bf8 19. Rxg6+ Kh8 20. Rg8+ 1-0

[Event "BL2 Sued 2122 (Women)"]
[Site "Germany"]
[Date "2022.03.20"]
[Round "5.6"]
[White "Haecker, Gabriele"]
[Black "Schardt, Madeleine"]
[Result "1/2-1/2"]
[WhiteElo "1965"]
[BlackElo "1802"]
[PlyCount "41"]
[EventDate "2021.11.27"]
[EventType "team-tourn"]
[EventRounds "7"]
[EventCountry "GER"]
[SourceTitle "EXT 2023"]
[Source "ChessBase"]
[SourceDate "2022.10.05"]
[SourceVersion "1"]
[SourceVersionDate "2022.10.05"]
[SourceQuality "1"]
[WhiteTeam "Stuttgart Wolfbusch (W)"]
[BlackTeam "Gernsheim (W)"]
[WhiteTeamCountry "GER"]
[BlackTeamCountry "GER"]

1. e4 d5 2. exd5 Qxd5 3. d4 Nf6 4. Nc3 Qd6 5. Nf3 Bg4 6. Be2 a6 7. 0-0 Nc6 8. Be3 e6 9. h3 Bh5 10. Qd2 0-0-0 11. Rfd1 Bxf3 12. Bxf3 Be7 13. Ne4 Nxe4 14. Bxe4 Bf6 15. c3 h6 16. Qe2 Bg5 17. Qf3 Bxe3 18. fxe3 f5 19. Bxc6 Qxc6 20. Qxc6 bxc6 21. Re1 1/2-1/2

[Event "BL2 Ost 1415 (Women)"]
[Site "Germany"]
[Date "2015.03.29"]
[Round "7.6"]
[White "Homilius, Gabriele"]
[Black "Schardt, Madeleine"]
[Result "0-1"]
[WhiteElo "1424"]
[BlackElo "1488"]
[PlyCount "44"]
[EventDate "2014.09.27"]
[EventType "team-tourn"]
[EventRounds "7"]
[EventCountry "GER"]
[SourceTitle "CBM 166 Extra"]
[Source "ChessBase"]
[SourceDate "2015.06.18"]
[SourceVersion "1"]
[SourceVersionDate "2015.06.18"]
[SourceQuality "1"]
[WhiteTeam "Niederwiesa (W)"]
[BlackTeam "Friedberg (W) II"]
[WhiteTeamCountry "GER"]
[BlackTeamCountry "GER"]

1. e4 d5 2. e5 Bf5 3. d4 e6 4. Nc3 Bb4 5. Bd2 Ne7 6. a3 Ba5 7. Nf3 0-0 8. Bd3 Bxd3 9. cxd3 Nd7 10. 0-0 c6 11. b4 Bb6 12. Ne2 Nf5 13. Qc1 a5 14. Qb2 Qc7 15. Rfc1 Rfb8 16. b5 c5 17. dxc5 Nxc5 18. d4 Nd3 19. Rxc7 Nxb2 20. Rc3 Nc4 21. a4 Nxd2 22. Nxd2 Nxd4 0-1

[Event "GER-chT Federal Cup (Women)"]
[Site "Braunfels"]
[Date "2013.05.30"]
[Round "1.6"]
[White "Schardt, Madeleine"]
[Black "Noppes, Marina"]
[Result "0-1"]
[WhiteElo "1478"]
[BlackElo "1955"]
[PlyCount "82"]
[EventDate "2013.05.30"]
[EventType "team-swiss"]
[EventRounds "5"]
[EventCountry "GER"]
[SourceTitle "EXT 2014"]
[Source "ChessBase"]
[SourceDate "2013.11.20"]
[SourceVersion "1"]
[SourceVersionDate "2013.11.20"]
[SourceQuality "1"]
[WhiteTeam "Hessen (W) II"]
[BlackTeam "Wuerttemberg (W)"]
[WhiteTeamCountry "GER"]
[BlackTeamCountry "GER"]

1. b3 d5 2. Bb2 c5 3. e3 Nf6 4. Nf3 e6 5. Be2 Bd6 6. 0-0 Nbd7 7. Na3 0-0 8. c4 b6 9. Nb5 Bb8 10. d4 Bb7 11. Rc1 a6 12. Nc3 Qc7 13. g3 dxc4 14. bxc4 Qc6 15. d5 exd5 16. cxd5 Nxd5 17. Nxd5 Qxd5 18. Qxd5 Bxd5 19. Rfd1 Bc6 20. Nd2 Be5 21. Rb1 b5 22. Bf3 Bxf3 23. Nxf3 Bxb2 24. Rxb2 Nb6 25. Ne5 f6 26. Nd7 Rfd8 27. Rbd2 Rxd7 28. Rxd7 Nxd7 29. Rxd7 Rc8 30. Kf1 c4 31. Ke1 b4 32. Kd1 a5 33. Kc2 a4 34. Rd1 a3 35. Rb1 Rb8 36. h4 Kf7 37. e4 Ke6 38. f4 Kd6 39. g4 Kc5 40. g5 Kd4 41. gxf6 gxf6 0-1